000 00983nam a2200457Ia 4500
001 6150
003 12247
005 20241005062939.0
008 ||||||n9999 ||| || ||
041 _aspa
082 _220
_a342
100 1 _aTirado Mejía, Alvaro,
_d1940-
_94244
245 0 _aLa reforma constitucional de 1936
260 _aBogotá :
_bOveja Negra,
_c1982.
300 _a361p
562 _e4
650 _aCOLOMBIA
_910707
650 _aCONSTITUCIÓN DE 1936
_910708
650 0 _aReformas constitucionales
_93890
942 _cBKM
999 _c6150
_d6150
526 _a17598
526 _a102617
526 _a102618
526 _a15794
526 _a102619
526 _a102620
526 _a10406
526 _a105630
526 _a1698
526 _a116204
526 _a4969
526 _a19790
526 _a104436
526 _a5144
526 _a51868
526 _a3899
526 _a9683
526 _a
526 _a1703
526 _a1697